000 00324nam a2200121 a 4500
005 20141022142007.0
008 100913s19uu xx 00 eng d
050 _aCD-ROM
_bD54 2005
245 _aDiscoverEcon with Paul Soleman Videos.
650 _aCD-ROM
650 _aDiscoverEcon with Paul Soleman Videos
942 _cAVM
999 _c276562
_d276562